00573 2200217 4500001002100000005001500021035002000036007000300056008004100059020002200100082001000122084001600132100001200148245006500160250001000225260003400235300003000269650001600299990002000315990002000335INLIS00000000134692820250311104755 a0010-0325000068ta250311 g 0 ind  a978-623-205-536-0 aR 418 aR 418 SUR k0 aSurayin1 aKamus Bahasa Sunda :bSunda-Sunda Sunda-Indonesia /cSurayin aCet.1 aBandung :bYrama Widya,c2021 a232 hlm. :bilus ;c20 cm 4aKamus Sunda a00309/PMDM/2025 a00310/PMDM/2025